000 00403nam a22001577a 4500
003 OSt
008 150418b xxu||||| |||| 00| 0 eng d
100 1 _aRussell, Thomas H.
041 _aeng
050 0 0 _aD522 .R8 1919
245 1 0 _aPictorial History of the World War for Liberty
246 1 0 _aAmeric's War for Humanity
260 _bL. H. Walter
300 _a0 pages
650 0 _aWorld War, 1914-1918.
999 _c1245
_d1245